The noble scholar, jurist, historian


 His Excellency Dr. Abdul Wahhab bin Ibrahim Abu Sulaiman, may Allah have mercy on him.


 He was born in Umm Al-Qura in the year 1356 AH.

إشراقات الرقم سبعة في القرآن الكريم / (Record no. 12343)

MARC details
000 -LEADER
fixed length control field 03740cam a2200349 i 4500
003 - CONTROL NUMBER IDENTIFIER
control field SA-RiAUC
005 - DATE AND TIME OF LATEST TRANSACTION
control field 20251003120640.0
008 - FIXED-LENGTH DATA ELEMENTS--GENERAL INFORMATION
fixed length control field 251003s2006 ts a g ab f00010 ara c
024 0# - OTHER STANDARD IDENTIFIER
Standard number or code 00000000826579
024 0# - OTHER STANDARD IDENTIFIER
Standard number or code 00000000831365
040 ## - CATALOGING SOURCE
Original cataloging agency SA-MaUQU
Language of cataloging ara
Transcribing agency SA-RiAUC
Modifying agency AE-DuMBRL
Description conventions rda
082 04 - DEWEY DECIMAL CLASSIFICATION NUMBER
Classification number 229.8
Assigning agency SA-RiAUC
090 ## - LOCALLY ASSIGNED LC-TYPE CALL NUMBER (OCLC); LOCAL CALL NUMBER (RLIN)
Classification number (OCLC) (R) ; Classification number, CALL (RLIN) (NR) 229.8
Local cutter number (OCLC) ; Book number/undivided call number, CALL (RLIN) ك ح ي
100 1# - MAIN ENTRY--PERSONAL NAME
Personal name الكحيل، عبد الدائم
Relator term مؤلف.
245 10 - TITLE STATEMENT
Title إشراقات الرقم سبعة في القرآن الكريم /
Statement of responsibility, etc. المهندس عبد الدائم الكحيل.
246 3# - VARYING FORM OF TITLE
Title proper/short title إشراقات الرقم 7 في القرآن الكريم
250 ## - EDITION STATEMENT
Edition statement الطبعة الأولى.
264 #1 - PRODUCTION, PUBLICATION, DISTRIBUTION, MANUFACTURE, AND COPYRIGHT NOTICE
Place of production, publication, distribution, manufacture دبي، الإمارات العربية المتحدة :
Name of producer, publisher, distributor, manufacturer جائزة دبي الدولية للقرآن الكريم،
Date of production, publication, distribution, manufacture, or copyright notice 2006.
300 ## - PHYSICAL DESCRIPTION
Extent 400 صفحة :
Other physical details إيضاحيات ؛
Dimensions 25 × 17 سم.
336 ## - CONTENT TYPE
Content type term نص
Content type code txt
Source rdacontent
Materials specified كتاب
337 ## - MEDIA TYPE
Media type term بدون وسيط
Media type code n
Source rdamedia
338 ## - CARRIER TYPE
Carrier type term مجلد
Carrier type code nc
Source rdacarrier
490 1# - SERIES STATEMENT
Series statement سلسلة الدراسات القرآنية ؛
Volume/sequential designation (1)
504 ## - BIBLIOGRAPHY, ETC. NOTE
Bibliography, etc. note ببليوجرافية : صفحة 394.
520 ## - SUMMARY, ETC.
Summary, etc. يقدم هذا البحث العلمي كشفا جديدا في معجزة القرآن العظيم. فبعد دراسة آلاف الكلمات والنصوص القرآنية تبين لي وجود تناسق رقمي دقيق في أعداد الكلمات والحروف، وفي ترتيب السور والآيات أيضا. ومن خلال الدراسة المنهجية تمكنت وبفضل الله تعالى من البرهان على وجود نظام رقمي يشمل جميع كلمات القرآن وآياته وسوره. ويعتمد هذا النظام على الرقم سبعة الذي يعد الرقم الأكثر تميزا في القرآن الكريم، وفي ذلك دليل على أن الذي خلق السموات السبع هو الذي أنزل القرآن، وهو الذي حفظه من التبديل أو التحريف. ويعتبر هذا البحث محاولة لوضع ضوابط علمية وشرعية للإعجاز الرقمي في القرآن الكريم، ومحاولة أيضا لوضع منهج علمي سليم في دراسة النظام الرقمي لحروف القرآن وكلماته وآياته وسوره. ويقدم هذا البحث الكثير من الحقائق الرقمية المبهرة، والتي تشمل أول آية من القرآن وأول سورة من القرآن، وتشمل كذلك التناسق الرقمي السباعي في سورة كاملة من القرآن وهي سورة الإخلاص. كما تمت دراسة الإعجاز الرقمي في آية من آيات القرآن، ثم في مقطع من آية، ثم قمنا بدراسة الإعجاز الرقمي المذهل في كلمة واحدة من كلمات القرآن ! كما أن هذا البحث يقدم تفسيرا علميا جديدا لسر الحروف المقطعة في القرآن الكريم وعلاقتها بالرقم سبعة، وهذا يثبت أن البشر عاجزون عن الإتيان بمثل هذا القرآن، ولذلك يمكن اعتبار هذا البحث بمثابة برهان رياضي قوي على أن الله عز وجل قد رتب كتابه بطريقة لا يمكن لأحد أن يأتي بمثلها.
630 27 - SUBJECT ADDED ENTRY--UNIFORM TITLE
Uniform title القرآن
General subdivision إعجاز
Source of heading or term aucut
650 #7 - SUBJECT ADDED ENTRY--TOPICAL TERM
Topical term or geographic name entry element الأرقام في القرآن
Source of heading or term aucsh
730 22 - ADDED ENTRY--UNIFORM TITLE
Uniform title القرآن
830 #0 - SERIES ADDED ENTRY--UNIFORM TITLE
Uniform title سلسلة الدراسات القرآنية (جائزة دبي الدولية للقرآن الكريم)
Volume/sequential designation (1)
942 ## - ADDED ENTRY ELEMENTS (KOHA)
Source of classification or shelving scheme Dewey Decimal Classification
Koha item type Books
949 ## - LOCAL PROCESSING INFORMATION (OCLC)
a SA-JeALM
d 251003
u khaled123
n 1
Holdings
Withdrawn status Lost status Source of classification or shelving scheme Damaged status Not for loan Home library Current library Date acquired Total checkouts Full call number Barcode Date last seen Price effective from Koha item type
    Dewey Decimal Classification     DR AbdElwahab Library DR AbdElwahab Library 10/03/2025   229.8 ك ح ي 000019637 10/03/2025 10/03/2025 Books
    Dewey Decimal Classification     DR AbdElwahab Library DR AbdElwahab Library 10/03/2025   229.8 ك ح ي 000019638 10/03/2025 10/03/2025 Books